| 000 | 00859nam a2200241 i 4500 | ||
|---|---|---|---|
| 001 | 183926 | ||
| 003 | ES-MaACL | ||
| 005 | 20230906222013.0 | ||
| 008 | 141201s1966 sp |||| | spa d | ||
| 080 | _a337(460.22)"12"(093.2) | ||
| 080 | _a382.1(460.22)"12"(093.2) | ||
| 245 | 0 | 0 |
_aAranceles aduaneros de la Corona de Aragón _b: (siglo XIII) / _cpor Mª. Dolores Sendra Cendra. |
| 260 |
_aValencia : _bAnubar, _c1966. |
||
| 300 |
_a126 p. ; _c22 cm. |
||
| 490 | 1 |
_aTextos medievales ; _v18 |
|
| 500 | _aÍndices. | ||
| 650 | 7 |
_aImpuestos- _zAragón (Reino)- _xHistoria- _vFuentes. _9155990 |
|
| 651 | 7 |
_aAragón (Reino)- _xPolítica comercial- _vHistoria- _vFuentes. _9155991 |
|
| 700 | 1 |
_aSendra Cendra, María Dolores. _9155992 |
|
| 830 | 0 |
_aTextos medievales ; _v18 _9179970 |
|
| 852 |
_aES-MaACL _jE-15434 _z- enc. tela |
||
| 999 |
_c183926 _d183926 |
||